Los medios y las tecnologías en la educación /

Manual que introduce el estudio pedagógico de la tecnología educativa. Se desarrollan temas acerca de los nuevos retos y problemas surgidos en el contexto educativo de la sociedad de la información, y en la definición e identificación de los distintos tipos de medios y materiales didácticos, el anál...

Ausführliche Beschreibung

Gespeichert in:
Bibliographische Detailangaben
1. Verfasser: Area Moreira, Manuel (autor)
Format: Buch
Sprache:Spanisch
Veröffentlicht: Madrid, España : Pirámide, 2004, c2004
Schriftenreihe:(Psicología Pirámide. Pedagogía)
Schlagworte:
Tags: Tag hinzufügen
Keine Tags, Fügen Sie das erste Tag hinzu!

MARC

LEADER 00000nam^a2200000^a^4500
001 000182985
005 20250521000000.0
009 20260310102024.508
020 |a 84-368-1895-4 
037 |a Acervo ITESO - Biblioteca 
041 |a ESP 
082 |a 371. 3  |b ARE 
100 |a Area Moreira, Manuel  |e (autor) 
245 1 4 |a Los medios y las tecnologías en la educación /  |c M. Area Moreira. 
264 4 |a Madrid, España :  |b Pirámide,  |c 2004, c2004 
300 |a 251 p. 
336 |a texto  |b txt  |2 rdacontenido 
337 |a sin mediación  |b n  |2 rdamedio 
338 |a volumen  |b nc  |2 rdasoporte 
440 1 |a (Psicología Pirámide.  |p Pedagogía) 
520 |a Manual que introduce el estudio pedagógico de la tecnología educativa. Se desarrollan temas acerca de los nuevos retos y problemas surgidos en el contexto educativo de la sociedad de la información, y en la definición e identificación de los distintos tipos de medios y materiales didácticos, el análisis del papel de los medios y las tecnologías en el contexto de la educación escolar y las aplicaciones de las nuevas tecnologías de la información y comunicación a la enseñanza. 
649 |a XX 
650 |a Computadoras en la Educación 
650 |a Tecnologías de Comunicación e Información -  |x Aspectos Sociales y Culturales 
650 |a Multimedia 
650 |a Medios Audiovisuales en la Educación 
650 |a Mediación de la Comunicación 
650 |a Apoyos Didácticos 
650 |a Didáctica 
650 |a Desarrollo Tecnológico -  |x Aspectos Sociales y Culturales 
650 |a Innovación Educativa 
650 |a Metodología Educativa 
650 |a Práctica Educativa 
650 |a Proceso Educativo 
650 |a Educación Formal 
650 |a Educación 
650 |a Filosofía de la Educación 
910 |a Fondo General 
920 |a Impresos - Libros 
930 |a Colección General 
905 |a 101 
901 |a 0500123138  |b IT1  |c ACC  |u 20250521 
901 |a 0500148449  |b IT1  |c ACC  |u 20250521 
902 |a https://opac.biblio.iteso.mx/vufind/Record/000182985